Online Catalogue and eLibrary

Womanizing Nietzsche : (Record no. 128)

MARC details
000 -LEADER
fixed length control field 00687cam a2200217 a 4500
001 - CONTROL NUMBER
control field 4906718
005 - DATE AND TIME OF LATEST TRANSACTION
control field 20231204023708.0
008 - FIXED-LENGTH DATA ELEMENTS--GENERAL INFORMATION
fixed length control field 940531s1995 nyu b 001 0 eng
020 ## - INTERNATIONAL STANDARD BOOK NUMBER
ISBN 0415906814 (acidfree paper) :
020 ## - INTERNATIONAL STANDARD BOOK NUMBER
ISBN 0415906822 (pbk. : acidfree paper) :
040 ## - CATALOGING SOURCE (பட்டியலாக்க மூலம்)
Original cataloging agency DLC
Transcribing agency DLC
Modifying agency DLC
082 00 - DDC Classification
Class No. 305.42/01
DDC Edition Number 20
Item Number - Author Mark KEL.
100 1# - MAIN ENTRY--PERSONAL NAME
Personal name Oliver, Kelly,
245 10 - TITLE STATEMENT
Title Womanizing Nietzsche :
Remainder of title philosophy's relation to the "feminine" /
Statement of responsibility, etc. Kelly Oliver.
260 ## - PUBLICATION, DISTRIBUTION, ETC.
Place of publication, distribution, etc. New York :
Name of publisher, distributor, etc. Routledge,
Date of publication, distribution, etc. 1995.
300 ## - PHYSICAL DESCRIPTION
Extent (e.g. Volumes, Pages etc.) xvii, 225 p. ;
650 #0 - SUBJECT ADDED ENTRY--TOPICAL TERM
Topical term or geographic name entry element Woman (Philosophy)
650 #0 - SUBJECT ADDED ENTRY--TOPICAL TERM
Topical term or geographic name entry element Feminist theory.
856 42 - ELECTRONIC LOCATION AND ACCESS
Uniform Resource Identifier <a href="http://www.loc.gov/catdir/enhancements/fy0651/94025602-d.html">http://www.loc.gov/catdir/enhancements/fy0651/94025602-d.html</a>
942 ## - Koha item type (Biblio)
Koha item type Books in Stacks (Lending)
Holdings
Lost status Damaged status Collection code Home library Current library Date acquired Full call number Accession Number Item type
    Lending WERC Library WERC Library 12/04/2023 305.42/01 KEL. 2710 Books in Stacks (Lending)

© WERC Library